Qaddafi's Green book.

Bibliographic Details
Main Author: Qaddafi, Muammar
Other Authors: Christman, Henry M.
Format: Book
Language:English
Published: Buffalo, N.Y. : Prometheus Books, [1988]
Edition:An unauthorized ed. /
Subjects:

MARC

Tag First Indicator Second Indicator Subfields
LEADER 00000cam a2200000 a 4500
001 in00000033147
005 20210724063231.0
008 880211s1988 nyuab b 00010 eng
010 |a  87043279  
020 |a 0879754311 :  |c $17.95 
035 |a (OCoLC)17548859 
035 |9 AAB7364AM 
040 |a DLC  |c DLC  |d TXA  |d UtOrBLW 
041 1 |a eng  |h ara 
043 |a f-ly--- 
049 |a TXAM  |c [A11088694] 
050 0 0 |a DT236  |b .Q244413 1988 
082 0 |a 320.961/2  |2 19 
100 1 |a Qaddafi, Muammar. 
240 1 0 |a Kitāb al-akhḍar.  |l English 
245 1 0 |a Qaddafi's Green book. 
250 |a An unauthorized ed. /  |b edited and with an introduction by Henry M. Christman. 
264 1 |a Buffalo, N.Y. :  |b Prometheus Books,  |c [1988] 
264 4 |c ©1988 
300 |a 114 pages :  |b illustrations, maps ;  |c 24 cm. 
336 |a text  |b txt  |2 rdacontent 
337 |a unmediated  |b n  |2 rdamedia 
338 |a volume  |b nc  |2 rdacarrier 
500 |a Translation of: al-Kitāb al-akhḍar. 
500 |a Maps on lining papers. 
504 |a Includes bibliographical references. 
536 |a Dr. Paul P. Van Riper Collection Department of Political Science. 
651 0 |a Libya  |x Politics and government  |y 1969-2011. 
700 1 |a Christman, Henry M. 
740 0 |a Green book. 
999 |a MARS 
999 f f |s ee05a9ea-36ce-385e-a1ff-99f64a67cc52  |i 59813af6-0fa7-345e-9ff8-6e8db8cb2241  |t 0 
952 f f |p normal  |a Texas A&M University  |b College Station  |c Sterling C. Evans Library  |d Evans: Library Stacks  |t 0  |e DT236 .Q244413 1988  |h Library of Congress classification  |i unmediated -- volume  |m A14811088694 
952 f f |p ric  |a Texas A&M University  |b Rellis Campus  |c Joint Library Facility  |d Remote Storage  |t 0  |e DT236 .Q244413 1988  |h Library of Congress classification  |i unmediated -- volume  |m A14821284739 
998 f f |a DT236 .Q244413 1988  |t 0  |l Evans: Library Stacks 
998 f f |a DT236 .Q244413 1988  |t 0  |l Remote Storage